Zvyšovanie profesionálnej úrovne znalcov
Rozhovor o minulosti, prítomnosti a budúcnosti Slovenskej komory znalcov s predsedníčkou predstavenstva Annou Harumovou. Motív vzniku Slovenskej komory znalcov. Hlavný cieľ komory. Spolupráca so slovenskými inštitúciami. Ako sa môže niekto stať ekonomickým znalcom. Akým smerom sa bude uberať činnosť...
Na minha lista:
| Autor principal: | |
|---|---|
| Outros Autores: | |
| Formato: | Capítulo de Livro |
| Idioma: | eslovaco |
| Assuntos: | |
| Tags: |
Sem tags, seja o primeiro a adicionar uma tag!
|
MARC
| LEADER | 00000naa$a2200000$$$4500 | ||
|---|---|---|---|
| 001 | 0086220 | ||
| 005 | 20240502071957.9 | ||
| 041 | 0 | |a slo | |
| 044 | |a SK | ||
| 245 | 1 | 0 | |a Zvyšovanie profesionálnej úrovne znalcov |c Anna Harumová, Vladimír Bačišin |
| 520 | |a Rozhovor o minulosti, prítomnosti a budúcnosti Slovenskej komory znalcov s predsedníčkou predstavenstva Annou Harumovou. Motív vzniku Slovenskej komory znalcov. Hlavný cieľ komory. Spolupráca so slovenskými inštitúciami. Ako sa môže niekto stať ekonomickým znalcom. Akým smerom sa bude uberať činnosť komory. | ||
| 610 | 2 | 0 | |a znalci |
| 610 | 2 | 0 | |a ekonómia |
| 610 | 2 | 0 | |a právo |
| 610 | 2 | 0 | |a legislatíva |
| 610 | 2 | 0 | |a etika |
| 610 | 2 | 0 | |a organizácie |
| 100 | 1 | |a Bačišin, Vladimír | |
| 700 | 1 | |a Harumová, Anna, 1955- | |